000 00306nam a2200121Ia 4500
008 190216s9999||||xx |||||||||||||| ||und||
100 _aThomas Hardy
245 4 _aThe Mayor Of Casterbridge
260 _bDelhi Law Publishers
_c1978
300 _a320p
650 _aEnglish Novel-English Novel
942 _cBK
999 _c12332
_d12332